00477nam a2200145Ia 4500008004100000041000800041082001400049100002100063245002600084260004300110300002400153365001100177999001700188952012600205240624s9999 xx 000 0 und d aeng a658.5 BHA aBHAT K SHRIDHARA aOPERATIONS MANAGEMENT c2009aMumbaibHimalaya Books Pvt. Ltd. a656 : p. : cm. ; 23 cRSb25 c14870d14870 00104070aIMTNbIMTNcRack 34-Ad2010-03-30eHPHPLg425.00l0o658.5 BHAp14870r2024-06-24 00:00:00t1w2024-06-24yBK